| 000 | 00732nam a2200205Ii 4500 | ||
|---|---|---|---|
| 003 | JO-AjNU | ||
| 008 | 230605s9999||||xx |||||||||||||| ||und|| | ||
| 040 |
_aJO-AjNU _bara _erda _cJO-AjNU |
||
| 041 | _aara | ||
| 050 | 1 | 4 | _aHD30.2 2018 |
| 100 | 3 |
_aهمشري، عمر أحمد, _eauthor _958097 |
|
| 245 | 0 | 0 | _aإدارة المعرفة: الطريق إلى التميز والريادة |
| 250 | _aط1 | ||
| 264 | 3 | 1 | _aعمان: دار صفاء للطباعة والنشر والتوزيع، 2018 |
| 300 | _a479ص | ||
| 336 |
_atext _btxt _2rdacontent |
||
| 337 |
_aunmediated _bn _2rdamedia |
||
| 338 |
_avolume _bnc _2rdacarrier |
||
| 650 | 4 |
_aإدارة المعلومات - المعرفة - تنظيم وادارة _958098 |
|
| 999 |
_aA26072 _c29640 _d29640 |
||